| 000 | 01047nam a22002777a 4500 | ||
|---|---|---|---|
| 001 | 8718 | ||
| 003 | FISKH | ||
| 005 | 20251014082802.0 | ||
| 008 | 251014b cb ||||| |||| 00| 0 eng d | ||
| 020 | _a9780545161961 | ||
| 040 |
_aFISKH _beng _cFISKH _dFISKH |
||
| 050 | _aPZ7.S86037 H | ||
| 082 | _a813.54 | ||
| 100 |
_aStine, R. L. _eAuthor |
||
| 245 |
_aGoosebumps horrorLand : _bHeads, you lose! _cR.L. Stine |
||
| 260 |
_aNew York : _bScholastic , _c2010 |
||
| 300 |
_a136 pages : _billustrations ; _c20 cm |
||
| 505 | _aG | ||
| 520 | _aJessica and her best friend, Ryan, find the perfect HorrorLand souvenir --a two-headed coin with mysteriously dark powers. After an unlucky flip of the coin, they find themselves in a strange land being chased down by angry guards. HorrorLand was scary but this is much worse. Will they be able to escape? | ||
| 521 | 8 |
_a400
_bLexile |
|
| 521 | 8 |
_aG
_bRaz-Plus |
|
| 650 |
_aFiction _vSpooky |
||
| 650 |
_aGoosebumps Horrorland _vHaunted objects |
||
| 942 |
_2ddc _cBK _n0 |
||
| 999 |
_c8718 _d8718 |
||